004720000a2200133000450024500830000065000250008365000290010865000300013765000250016765100400019204100140023210000180024677300740026410aDinámica de un bosque seco, semideciduo y secundario en el oeste del Ecuador14aBosques sucesionales14aBosques secos tropicales14aRestauración del Bosque14aTasas de crecimiento 4lParque Nacional MachalillapEcuador0 aEspañol1 aJosse, Carmen1 tEstudios sobre Diversidad y Ecología de Plantas3291q241-253d1997